000 06835nam a2200325 a 4500
001 000000055
003 DO-SdBNP
005 20221123070835.0
008 081112s2007 dr 001 0 spa d
020 _a9789945161625
040 _aDO-SdBNP
_bspa
_cBPMSU
082 4 _aRD860.44
_bR788b 2007
_222
100 1 _aRosamantes, José de,
_qJosé Roberto Fernández Ramírez,
_d1952 -
245 1 0 _aBarahona en las letras nacionales /
_cJosé de Rosamantes.
260 _aSanto Domingo :
_bBúho,
_c2007.
300 _a287 p. ;
_c24 cm.
500 _aIncluye cronología del quehacer literario en Barahona
504 _aBibliografía : p. 283-287
505 0 _aContextualización general de la provincia de Barahona -- Ubicación geográfica -- Límites y extensión -- Breve tránsito sociohistórico de la provincia Barahona -- Características generales de la cultura literaria de Barahona -- El geolecto barahonero -- Su historia literaria -- Etapas literarias en el devenir sociohistórico y cultural de Barahona -- Etapa primitiva -- El folclorismo. Lo popular -- Ignacio Suero Ramírez -- Emilio Amador Féliz (coronel Mandé) -- Domingo Lazala -- Lucas Decena -- Matías Ramírez Suero -- Teodoro Noboa -- Etapa preclásica de la literatura barahonera -- Rafael Damirón Pelelo o Fello -- Eliseo Amable Damirón -- Etapa clásica de la literatura barahonera -- Los primeros grupos y sociedades literarias: Castalia y Eugenio María de Hostos -- La sociedad Castalia -- Perfil literario de los representantes del grupo socioliterario Castalia -- Bolívar Figuereo Suero -- Ángel Augusto Suero Ramírez - Negro Suero -- Antonio Dacosta Gómez -- Federico Natalio Cuello López (Nene Cuello) -- Secundino Ramírez Pérez-Gaía -- Sócrates Nolasco -- Las hermanas Cavallo: Genara y Anita -- Genara Cavallo -- Anita Cavallo -- Luis Eduardo Suero Ramírez -- La sociedad socioliteraria Eugenio María de Hostos -- José Altagracia Robert Espinosa -- Su obra literaria -- María Montez -- Luis Eduardo Zafra Delmonte -- Pedro María Cruz -- El Ateneo. Sus fundadores -- Jorge Nemecio Leguén Montoya -- Octavia Moreta de Perdomo (Doña Loli) -- Barahona y la generación literaria del cuarenta y ocho -- Luis Alfredo Torres -- Labor literaria -- Ana Teothiste Lafontaine "La Citella" -- Barahona en la generación literaria del sesenta. Sus representantes -- Nenfa Albania Suero -- Bonaparte Gautreaux Piñeyro
505 0 _aBarahona y la generación literaria del setenta: sus representantes. Los clubes -- Los clubes Culturales en Barahona -- Los buenos amigos -- El club cultural José A. Robert -- Otros escritores barahoneros enmarcados dentro de la generación de los setenta -- Ivelisse Dacosta Gómez -- José Miguel Féliz Báez -- Gloria María Batista Gerardo -- José Labourt -- Jaime Shanlate Ramírez -- Barahona y la generación literaria del ochenta. Sus representantes. El tallerismo literario en Barahona -- El tallerismo literario en la República Dominicana. Su incidencia en Barahona -- Henri Cuello Ramírez -- Labor literaria -- Víctor Manuel Cuello Ramírez -- Su labor literaria -- Héctor Amauris Sánchez Terrero -- Su labor literaria -- José Roberto Fernández Ramírez -- Miguel Aníbal Perdomo -- Su labor literaria -- Luis Miguel Vargas Domicini -- Alberti baeza Flores -- Ricardo Pérez Mesa -- Su labor literaria -- José Antonio Pérez Valenzuela -- Cuentos del sur -- El color rojo del amor -- Cuentos eternamente breves -- Aurora en espiral -- Oscar López Reyes -- Historia del desarrollo de Barahona -- (Casandra Damirón: vida y canto) -- Venas de secretos abiertas -- Perfil cultural de Barahona -- La ética en el periodismo -- Joaquín Peláez Raposo -- Manuel Jiménez y Jiménez -- Aristófanes Urbáez -- Wilson Gómez Ramírez -- Características de sus obras -- La ética del profesional del derecho -- Efemérides barahoneras -- Rafael Leónidas Pérez y Pérez -- Breves comentarios de algunas de sus obras -- La diáspora barahonera -- El Instituto Social Educativo y Cultural "César Nicolás Penson" -- Rafael Nino Féliz -- Fertilizando tierras -- Abraham Méndez Vargas -- Su producción literaria
505 0 _aComentario de algunas de sus obras -- Santiago Féliz García -- Óvulo fecundo -- Ramón Alberto López Inoa -- Su labor literaria -- López Inoa: El poeta -- Praede Olivero Féliz -- Pareces una diosa -- Juana Báez -- Barahona y la generación literaria del noventa -- Representantes -- Marino Berigüete -- Su labor literaria -- Comentario de algunas de sus obras -- Víctor Costas Lamáis -- Juan Matos -- Labor literaria -- Comentario sobre algunos de sus textos -- Amor de noche y mar -- Del milagro de la espera -- Aquino Marrero Florián -- Gustavo Adolfo Tavárez Rodríguez -- Su labor literaria -- Oscar Ernesto Moreta Matos -- Tomás Montes de Oca Vilomar -- Libio Amaury Matos Cordero -- Barahona frente a la generación literaria del dos mil. Representantes -- Leonardo Wilson Nín Reyes -- Águeda Celeste Antonia Ramírez Matos -- Nicolás Rodríguez Ramírez -- Gregorio Manuel Matos Terrero -- Gendres Alfredo Ferreras Vásquez -- Herminio Pérez González -- Francisco González Terrero -- Miledys García -- Julio Gómez Féliz -- Fidias Omar Díaz Santiago -- Bienvenido Manuel Matos Pérez "Matopérez" -- Cronología del quehacer literario en Barahona -- Bibliografía -- Óvulo fecundo -- Ramón Alberto López Inoa -- Su labor literaria -- López Inoa: El poeta -- Praede Olivero Féliz -- Pareces una diosa -- Juana Báez -- Barahona y la generación literaria del noventa -- Representantes -- Marino Berigüete -- Su labor literaria -- Comentario de algunas de sus obras -- Víctor Costas Lamáis -- Juan Matos -- Labor literaria -- Comentario sobre algunos de sus textos -- Amor de noche y mar -- Del milagro de la espera -- Aquino Marrero Florián
505 0 _aGustavo Adolfo Tavárez Rodríguez -- Su labor literaria -- Oscar Ernesto Moreta Matos -- Tomás Montes de Oca Vilomar -- Libio Amaury Matos Cordero -- Barahona frente a la generación literaria del dos mil. Representantes -- Leonardo Wilson Nín Reyes -- Águeda Celeste Antonia Ramírez Matos -- Nicolás Rodríguez Ramírez -- Gregorio Manuel Matos Terrero -- Gendres Alfredo Ferreras Vásquez -- Herminio Pérez González -- Francisco González Terrero -- Miledys García -- Julio Gómez Féliz -- Fidias Omar Díaz Santiago -- Bienvenido Manuel Matos Pérez "Matopérez" -- Cronología del quehacer literario en Barahona -- Bibliografía.
590 _aInventariado, 2022/VM
650 4 _aLiteratura dominicana
_xHistoria y crítica
650 4 _aAutores dominicanos
_vBiografías
651 4 _aBarahona (República Dominicana)
_xAspectos culturales
651 4 _aBarahona (República Dominicana)
_xHistoria local
910 _aVMateo V./Validado
942 _2ddc
_cBK
999 _c14342
_d14342